Carlos Manuel Céspedes (Registro nro. 140863)

Detalles MARC
000 -LEADER
campo de control de longitud fija 00653nam a2200181 i 4500
001 - NÚMERO DE CONTROL
campo de control 140863
003 - IDENTIFICADOR DE NÚMERO DE CONTROL
campo de control ES-MaACL
005 - FECHA Y HORA DE LA ÚLTIMA TRANSACCIÓN
campo de control 20230906200152.0
007 - CAMPO FIJO DE DESCRIPCIÓN FÍSICA--INFORMACIÓN GENERAL
campo de control de longitud fija t|
008 - DATOS DE LONGITUD FIJA--INFORMACIÓN GENERAL
campo de control de longitud fija 070918s1930 cu ||||1| spa d
100 1# - ENTRADA PRINCIPAL--NOMBRE DE PERSONA
Nombre de persona Yero Miniet, Luis.
9 (RLIN) 117623
245 10 - MENCIÓN DEL TÍTULO
Título Carlos Manuel Céspedes
Resto del título : conferencia leída por su autor en la Academia Nacional de Artes y Letras el día 26 de enero de 1930 /
Mención de responsabilidad, etc. Luis Yero Miniet.
260 ## - PUBLICACIÓN, DISTRIBUCIÓN, ETC.
Lugar de publicación, distribución, etc. Habana :
Nombre del editor, distribuidor, etc. Bouza y Comp.,
Fecha de publicación, distribución, etc. 1930.
300 ## - DESCRIPCIÓN FÍSICA
Extensión 62 p. ;
Dimensiones 22 cm.
600 14 - PUNTO DE ACCESO ADICIONAL DE MATERIA--NOMBRE DE PERSONA
Nombre de persona Céspedes, Carlos Manuel de (
Fechas asociadas al nombre 1819-1874)
9 (RLIN) 37686
710 2# - ENTRADA AGREGADA--NOMBRE DE ENTIDAD CORPORATIVA
Nombre de entidad corporativa o nombre de jurisdicción como elemento de entrada Academia Nacional de Artes y Letras (Cuba)
9 (RLIN) 1211
852 ## - LOCALIZACIÓN
Ubicación ES-MaACL
Número de control de estantería 1740-F-3
Existencias
Estatus retirado Estado de pérdida Estado de daño No para préstamo Colección Biblioteca de origen Biblioteca actual Ubicación en estantería Fecha de adquisición Fuente de adquisición Total de préstamos Signatura topográfica completa Código de barras Visto por última vez Precio de reemplazo Tipo de ítem Koha
        Colección de folletos Biblioteca del Ateneo de Madrid Biblioteca del Ateneo de Madrid Depósito folletos 17/01/2008     1740-F-3 1146577 23/02/2023 23/02/2023 Folleto